000 00933cam a2200241 a 4500
001 000019056
005 20200929165918.0
008 841206s1977 ve b f000 0 spa
040 _aDO-SdBNP
_bspa
_cDLC
_dBNPHU
082 _a980
_bP598, 1977
100 1 _aPicon-Salas, Mariano,
_d1901-1965.
_99942
245 1 0 _aDependencia e independencia en la historia hispanoamericana :
_b(antología) /
_cMariano Picon Salas; prólogo por Roberto Esquenazi.
250 _a2a ed.
260 _aCaracas, (Venezuela) :
_bConsejo Nacional de la Cultura :
_bCentro de Estudios Latinoamericanos "Rómulo Gallegos ",
_c1977.
300 _a218 p. ;
_c23 cm.
490 1 _aRepertorio americano
651 4 _aAmérica Latina
_xHistoria
_91786
651 4 _aAmérica Latina
_xVida Intelectual
_941000
700 1 _aEsquenazi, Roberto,
_epról.
_941001
830 0 _aRepertorio americano.
_94845
910 _aCatalogación derivada / LC
049 _aBNGR
999 _c18574
_d18574